书目信息 |
| 题名: |
继承法研究
|
|
| 作者: | 郭明瑞 , 房绍坤 , 关涛 著 | |
| 分册: | ||
| 出版信息: | 北京 中国人民大学出版社 2003.07 |
|
| 页数: | 372页 | |
| 开本: | 24cm | |
| 丛书名: | 中国民法问题研究丛书 | |
| 单 册: | ||
| 中图分类: | D923.54 | |
| 科图分类: | ||
| 主题词: | 继承法--ji cheng fa--研究--中国 | |
| 电子资源: | ||
| ISBN: | 7-300-04744-0 | |
| 000 | 01203nam 2200301 450 | |
| 001 | 012008230691 | |
| 005 | 20080229165716.60 | |
| 010 | @a7-300-04744-0@dCNY36.00 | |
| 100 | @a20080229d2003 em y0chiy0120 ea | |
| 101 | 0 | @achi |
| 102 | @aCN@b110000 | |
| 105 | @ay z 000yy | |
| 106 | @ar | |
| 200 | 1 | @a继承法研究@Aji cheng fa yan jiu@f郭明瑞, 房绍坤, 关涛著@Fguo ming rui,fang shao kun,guan tao zhu |
| 210 | @a北京@c中国人民大学出版社@d2003.07 | |
| 215 | @a372页@d24cm | |
| 225 | 2 | @a中国民法问题研究丛书@Azhong guo min fa wen ti yan jiu cong shu |
| 312 | @a英文并列题名取自封面 | |
| 330 | @a本书上编为继承法基本问题研究,主要就继承权、法定继承、遗嘱处分、遗赠扶养协议、遗产的处理等问题进行了探讨,分析了这些制度的基本原理,评价了现有法律规定,提出了自己的见解;下编为继承法立法建议条文,设计了继承法条文,并分别从说明、理由、立法例等三个方面对每个条文加以阐述。 | |
| 410 | 0 | @12001 @a中国民法问题研究丛书 |
| 510 | 1 | @aCivil law@zeng |
| 606 | 0 | @a继承法@Aji cheng fa@x研究@y中国 |
| 690 | @aD923.54@v4 | |
| 701 | 0 | @a郭明瑞@Aguo ming rui@4著 |
| 701 | 0 | @a房绍坤@Afang shao kun@4著 |
| 701 | 0 | @a关涛@Aguan tao@4著 |
| 801 | 0 | @aCN@bQSSK@c20080229 |
| 905 | @b282039-41@dD923.54@eG815@f3 | |
| 继承法研究/郭明瑞, 房绍坤, 关涛著.-北京:中国人民大学出版社,2003.07 |
| 372页;24cm.-(中国民法问题研究丛书) |
| ISBN 7-300-04744-0:CNY36.00 |
| 本书上编为继承法基本问题研究,主要就继承权、法定继承、遗嘱处分、遗赠扶养协议、遗产的处理等问题进行了探讨,分析了这些制度的基本原理,评价了现有法律规定,提出了自己的见解;下编为继承法立法建议条文,设计了继承法条文,并分别从说明、理由、立法例等三个方面对每个条文加以阐述。 |
| ● |
| 相关链接 |
|
|
|
正题名:继承法研究
索取号:D923.54/G815
 
预约/预借
| 序号 | 登录号 | 条形码 | 馆藏地/架位号 | 状态 | 备注 |
| 1 | 282039 | 202820395 | 社科库509/509社科库 92排7列5层/ [索取号:D923.54/G815] | 在馆 | |
| 2 | 282040 | 202820402 | 社科库509/509社科库 92排7列5层/ [索取号:D923.54/G815] | 在馆 | |
| 3 | 282041 | 202820411 | 社科库509/509社科库 92排7列5层/ [索取号:D923.54/G815] | 在馆 |